00262cam a22000977a 4500008004000000082001900040245004200059260002200101300001000123650003100133180718b1974 xxu||||| |||| 00| 0 eng d aT000x54 In2/69 aFourth five year plan, India, 1969-74 aNew Delhibc1974 a357p. aGujarat -- Economic policy